000 nam a22 7a 4500
999 _c174399
_d174399
003 Nust
005 20170125130710.0
008 170125b xxu||||| |||| 00| 0 eng d
020 _a9783843357982
040 _c0
082 _a623.893
100 _4Anil Kumar Roy
245 _aPort city planning and management
_cAnil Kumar Roy
260 _aUSA
_bLap Lambert
_c2010
300 _a150p
942 _2ddc
_cBK